| 000 | 00696nam a22002177a 4500 | ||
|---|---|---|---|
| 999 |
_c1061 _d1061 |
||
| 001 | 1061 | ||
| 003 | BD-JhCC | ||
| 005 | 20171015104809.0 | ||
| 008 | 171014s1973 bg |||| ||i| 00| 0 bg d | ||
| 035 | _a(BD-JhCC)1061 | ||
| 040 |
_aBD-JhCC _dBD-JhCC |
||
| 041 | _abg | ||
| 082 |
_a891.4409 _bAZA 1973 |
||
| 100 | _aআজাদ, হুমায়ূন | ||
| 245 |
_aরবীন্দ্র প্রবন্ধ রাষ্ট্র ও সমাজচিন্তা / _cহুমায়ূন আজাদ |
||
| 260 |
_aঢাকা : _bবাংলা একাডেমী, _c1973 |
||
| 300 |
_a180 p. : _c21 cm. |
||
| 650 | _aBengali Literatuer | ||
| 942 |
_2ddc _cBK |
||